[Event "Igualada op 15th"]
[Site "Igualada"]
[Date "2020.02.29"]
[Round "8"]
[White "Roma Alsina, Jaume"]
[Black "Luco Perez, Bernat"]
[Result "0-1"]
[WhiteElo "1403"]
[BlackElo "1624"]
[PlyCount "79"]
[EventDate "2020.01.11"]
[EventType "swiss"]
[EventRounds "8"]
[EventCountry "ESP"]
[SourceTitle "CBM 195 Extra"]
[Source "ChessBase"]
[SourceDate "2020.05.31"]
[SourceVersion "1"]
[SourceVersionDate "2020.05.31"]
[SourceQuality "1"]

1. e4 c5 2. Nc3 Nc6 3. g3 e6 4. Bg2 b6 5. Nf3 g6 6. 0-0 Bg7 7. d3 Bb7 8. Re1 Nge7 9. Nb5 d6 10. c3 a6 11. Na3 Qc7 12. Nc4 b5 13. Ne3 b4 14. cxb4 Nxb4 15. Nc4 0-0 16. a3 Nbc6 17. Bf4 Rfd8 18. e5 dxe5 19. Nfxe5 Nxe5 20. Nxe5 Qb6 21. Rb1 Bxg2 22. Kxg2 Nd5 23. Nc4 Qc6 24. Kg1 Nxf4 25. gxf4 Rd4 26. Ne5 Qd5 27. Qd2 Bh6 28. Re4 Rxe4 29. Ng4 Bg7 30. f3 Rd4 31. Nf2 Qxf3 32. Re1 Qxf4 33. Qc1 Qxc1 34. Rxc1 Rd5 35. b3 Bd4 36. Kf1 Bxf2 37. Kxf2 Rxd3 38. Rxc5 Rxb3 39. a4 a5 40. Rc4 0-1

[Event "Igualada Anoia op 13th"]
[Site "Igualada"]
[Date "2018.02.24"]
[Round "7"]
[White "Roma Alsina, Jaume"]
[Black "Torres Palau, Jordi"]
[Result "0-1"]
[WhiteElo "1437"]
[BlackElo "1591"]
[PlyCount "46"]
[EventDate "2018.01.13"]
[EventType "swiss"]
[EventRounds "8"]
[EventCountry "ESP"]
[SourceTitle "CBM 187 Extra"]
[Source "ChessBase"]
[SourceDate "2018.11.04"]
[SourceVersion "1"]
[SourceVersionDate "2018.11.04"]
[SourceQuality "1"]

1. e4 c5 2. Bc4 Nc6 3. Nf3 e6 4. d3 a6 5. a3 d5 6. exd5 exd5 7. Qe2+ Be7 8. Ba2 Bg4 9. 0-0 Nd4 10. Qe5 Bxf3 11. Qxg7 Bf6 12. Re1+ Ne2+ 13. Rxe2+ Bxe2 14. Qg3 Qe7 15. Bxd5 Bh5 16. Nd2 Nh6 17. Qf4 Ng4 18. Nf1 Qe1 19. Qa4+ b5 20. Bc6+ Kd8 21. Qf4 Be5 22. Qg5+ f6 23. Qxh5 Qxf2+ 0-1

[Event "Igualada op 11th"]
[Site "Igualada"]
[Date "2016.01.16"]
[Round "1"]
[White "Roma Alsina, Jaume"]
[Black "Algarte Cortes, Serafin Ramon"]
[Result "1-0"]
[WhiteElo "1425"]
[BlackElo "1697"]
[PlyCount "107"]
[EventDate "2016.01.16"]
[EventType "swiss"]
[EventRounds "8"]
[EventCountry "ESP"]
[SourceTitle "EXT 2017"]
[Source "ChessBase"]
[SourceDate "2016.10.25"]
[SourceVersion "1"]
[SourceVersionDate "2016.10.25"]
[SourceQuality "1"]

1. e4 e5 2. Nf3 Nc6 3. c3 d6 4. Bc4 h6 5. d4 Na5 6. Bb3 exd4 7. cxd4 Be7 8. 0-0 Be6 9. Bxe6 fxe6 10. Nbd2 b6 11. b4 Nb7 12. Qa4+ Qd7 13. Qxd7+ Kxd7 14. Bb2 Nf6 15. e5 Nd5 16. a3 Rhf8 17. Rac1 Rf7 18. exd6 Nxd6 19. Ne5+ Ke8 20. Nxf7 Kxf7 21. Nf3 Kg8 22. Rfe1 Kf7 23. Ne5+ Kf6 24. Rc6 a5 25. b5 Rd8 26. Ng4+ Kf7 27. Ne3 Nf4 28. Ng4 Nd5 29. g3 h5 30. Ne5+ Kf6 31. Nc4 Nxc4 32. Rxc4 Bd6 33. Bc1 g5 34. Kg2 Rd7 35. Re4 Kf5 36. Re1 Rh7 37. h3 Rg7 38. Rc2 Re7 39. Kh2 Re8 40. Kg1 Re7 41. h4 gxh4 42. gxh4 Rg7+ 43. Kf1 Rg4 44. Rce2 Rxh4 45. Rxe6 Rh1+ 46. Kg2 Rh2+ 47. Kg1 Rh4 48. R6e5+ Kf6 49. Rxd5 Rg4+ 50. Kf1 h4 51. Re3 Bf4 52. Rf3 Ke6 53. Rxf4 Rxf4 54. Re5+ 1-0